书目信息 |
| 题名: |
哲学门
|
|
| 作者: | 赵敦华 主编 | |
| 分册: | 第六卷(2005)第一册(总第十一辑) | |
| 出版信息: | 北京 北京大学出版社 2005.09 |
|
| 页数: | 329页 | |
| 开本: | 24cm | |
| 丛书名: | ||
| 单 册: | ||
| 中图分类: | B-53 | |
| 科图分类: | ||
| 主题词: | 哲学--zhe xue--研究--文集 | |
| 电子资源: | ||
| ISBN: | 7-301-09331-4 | |
| 000 | 01000nam0 2200241 450 | |
| 001 | 012006246602 | |
| 005 | 20060913090340.82 | |
| 010 | @a7-301-09331-4@dCNY35.00 | |
| 100 | @a20060623d2005 km y0chiy0120 ea | |
| 101 | 0 | @achi |
| 102 | @aCN@b110000 | |
| 105 | @ay z 000yy | |
| 200 | 1 | @a哲学门@Azhe xue men@d= Beida journal of philosophy@h第六卷(2005)第一册(总第十一辑)@f赵敦华主编@Fzhao dun hua zhu bian@zeng |
| 210 | @a北京@c北京大学出版社@d2005.09 | |
| 215 | @a329页@d24cm | |
| 306 | @a第六卷 (2005)第一册由北京大学出版社出版。 | |
| 330 | @a本书内容主要讲述《哲学门》是北京大学哲学系创办的面向全国以及整个华语世界的哲学学术刊物, 每年一卷二册。本册内容包括: 论文、评论、书评、动态信息; 收入论文13篇, 并对北京大学、亚洲地区主要大学、美德四个世界一流大学哲学系进行了比较分析。 | |
| 510 | 1 | @aBeida journal of philosophy@zeng |
| 606 | 0 | @a哲学@Azhe xue@x研究@j文集 |
| 690 | @aB-53@v4 | |
| 701 | 0 | @a赵敦华@Azhao dun hua@4主编 |
| 801 | 0 | @aCN@bQSSK@c20060913 |
| 905 | @a10447@dB-53@eZ292:6 | |
| 哲学门= Beida journal of philosophy.第六卷(2005)第一册(总第十一辑)/赵敦华主编.-北京:北京大学出版社,2005.09 |
| 329页;24cm |
| ISBN 7-301-09331-4:CNY35.00 |
| 本书内容主要讲述《哲学门》是北京大学哲学系创办的面向全国以及整个华语世界的哲学学术刊物, 每年一卷二册。本册内容包括: 论文、评论、书评、动态信息; 收入论文13篇, 并对北京大学、亚洲地区主要大学、美德四个世界一流大学哲学系进行了比较分析。 |
| ● |
| 相关链接 |
|
|
|
正题名:哲学门
索取号:B-53/Z292:6
 
预约/预借
| 序号 | 登录号 | 条形码 | 馆藏地/架位号 | 状态 | 备注 |
| 1 | 591011 | 205910111 | 社科库509/509社科库 6排3列5层/ [索取号:B-53/Z292:6] | 在馆 | |
| 2 | 591012 | 205910120 | 社科库509/509社科库 6排3列6层/ [索取号:B-53/Z292:6] | 在馆 | |
| 3 | 591013 | 205910139 | 社科库509/509社科库 6排3列6层/ [索取号:B-53/Z292:6] | 在馆 |